000
00311nam a2200133Ia 4500
008
210312s9999||||xx |||||||||||||| ||und||
041
_a
osm
050
_a
JQ1805
050
_b
T35
100
_a
Mahmud Sadık
245
0
_a
Takvimden yapraklar
260
_c
1329
650
_a
Türkiye--Siyaset ve yönetim--1909-
999
_c
22020
_d
22020